000 00797nam a22002657i 4500
003 DO-SdBNP
005 20250520143543.0
007 ta
008 250520b2024 |||||||| |||| 00| 0 spa d
020 _a9789945801330
040 _aDO-SdBNP
_bspa
_cBNPHU
_erda
041 _hspa
082 _axxx
_bL579c
_222
100 1 _aDe León, Luis Antonio
_eautor
_987187
245 0 _aCiudad de Acero :
_bhasta que punto confiarias en una inteligencia artificial /
_cLuis Antonio de León
250 _aprimera edición
264 _aSanto Domingo :
_bColumbia, SC,
_c2024.
300 _a290 página ;
_c23 cm
336 _ardacontent
_btexto
_2txt
337 _ardamedia
_bsin mediación
_2n
338 _ardacarrier
_bvolumen
_2nc
590 _aInventariado, 2025/DG
910 _aDG
942 _2ddc
_cLBS1
999 _c58412
_d58412